| 000 | 00745nab a2200253 a 4500 | ||
|---|---|---|---|
| 005 | 20210219155108.0 | ||
| 008 | 991125s1985 mx 000 0 spa u | ||
| 035 | _aUPN01000138373 | ||
| 100 | 1 | _aCuadrado, Isabel | |
| 222 | _aREVISTA DE PSICOLOGIA GENERAL Y APLICADA | ||
| 245 | _aEl acceso de las mujeres a puestos directivos : género, contexto organizacional y estilos de liderazgo | ||
| 260 | _aValencia, España | ||
| 300 | _a181-192 | ||
| 362 | 0 | _a2004 Vol. 57, no. 2, abr. | |
| 653 | 0 | _aMUJERES | |
| 653 | 0 | _aLIDERAZGO | |
| 653 | 0 | _aIGUALDAD DE OPORTUNIDADES | |
| 700 | 1 | _aNavas, Marisol, | |
| 700 | 1 | _ecoaut. | |
| 700 | 1 | _aMolero, Fernando, | |
| 700 | 1 | _ecoaut. | |
| 700 | 1 | _ufmolero@psi.uned.ed | |
| 905 | _aArticulo | ||
| 999 |
_c110521 _d110521 |
||